|
|
|
|
| LEADER |
02169nam a2200529 a 4500 |
| 001 |
nkc20102090040 |
| 003 |
CZ PrNK |
| 005 |
20100518151309.0 |
| 007 |
ta |
| 008 |
100311s2009 xr abh f 001 0 cze |
| 015 |
|
|
|a cnb002090040
|
| 020 |
|
|
|a 978-80-7043-834-3
|q (brož.)
|
| 035 |
|
|
|a (OCoLC)607530059
|
| 040 |
|
|
|a ABA001
|b cze
|
| 043 |
|
|
|a e-xr---
|b e-xr-pg
|2 czenas
|
| 045 |
|
|
|a x1x3
|
| 072 |
|
7 |
|a 316.3
|x Globální společnosti. Sociální struktura. Sociální skupiny
|2 Konspekt
|9 18
|
| 080 |
|
|
|a 316.343-058.14
|2 MRF
|
| 080 |
|
|
|a 316.728
|2 MRF
|
| 080 |
|
|
|a 308
|2 MRF
|
| 080 |
|
|
|a (437.311)
|2 MRF
|
| 080 |
|
|
|a (048.8)
|2 MRF
|
| 100 |
1 |
|
|a Holubec, Stanislav,
|d 1978-
|7 mzk2002112987
|4 aut
|
| 245 |
1 |
0 |
|a Lidé periferie :
|b sociální postavení a každodennost pražského dělnictva v meziválečné době /
|c Stanislav Holubec
|
| 246 |
3 |
0 |
|a Sociální postavení a každodennost pražského dělnictva v meziválečné době
|
| 250 |
|
|
|a 1. vyd.
|
| 260 |
|
|
|a Plzeň :
|b Západočeská univerzita v Plzni,
|c 2009
|
| 300 |
|
|
|a 329 s. :
|b il., mapy, faksim. ;
|c 21 cm
|
| 500 |
|
|
|a 200 výt.
|
| 504 |
|
|
|a Obsahuje bibliografii, bibliografické odkazy a rejstřík
|
| 648 |
|
7 |
|a 1918-1938
|7 ch460648
|2 czenas
|
| 650 |
0 |
7 |
|a dělníci
|7 ph114391
|z Česko
|y 1918-1938
|2 czenas
|
| 650 |
0 |
7 |
|a dělníci
|7 ph114391
|x společenské postavení
|2 czenas
|
| 650 |
0 |
7 |
|a každodenní život
|7 ph121555
|z Česko
|y 1918-1938
|2 czenas
|
| 650 |
0 |
9 |
|a working class
|z Czechia
|y 1918-1938
|2 eczenas
|
| 650 |
0 |
9 |
|a working class
|x social status
|2 eczenas
|
| 650 |
0 |
9 |
|a everyday life
|z Czechia
|y 1918-1938
|2 eczenas
|
| 651 |
|
7 |
|a Praha (Česko)
|7 ge118011
|x sociální poměry
|y 1918-1938
|2 czenas
|
| 651 |
|
9 |
|a Prague (Czechia)
|x social conditions
|y 1918-1938
|2 eczenas
|
| 655 |
|
7 |
|a monografie
|7 fd132842
|2 czenas
|
| 655 |
|
9 |
|a monographs
|2 eczenas
|
| 856 |
4 |
1 |
|u http://www.digitalniknihovna.cz/mzk/uuid/uuid:032bbc50-4e22-11e4-8f26-005056827e52
|y Digitalizovaný dokument
|x NDK
|
| 910 |
2 |
|
|a BOA001
|b 2-1242.200
|
| 990 |
|
|
|a BK
|
| 995 |
|
|
|a 01
|
| 991 |
|
|
|b 201005
|c NOV
|
| 996 |
6 |
|
|b 2610433059
|c 2-1242.200
|l MZK
|r Sklad / do 1 hodiny
|n 33
|p p.v.
|w 001119333
|u 000010
|a 1
|e BOA001
|j MZK50
|s P
|